Report of the Select Committee on Mines and Energy on the Minerals Development Fund Bill, 2014 (Record no. 1477)

MARC details
000 -LEADER
fixed length control field 00594nam a2200157Ia 4500
008 - FIXED-LENGTH DATA ELEMENTS--GENERAL INFORMATION
fixed length control field 240428s9999||||xx |||||||||||||| ||und||
041 ## - LANGUAGE CODE
Language code of text/sound track or separate title eng
082 ## - DEWEY DECIMAL CLASSIFICATION NUMBER
Classification number BR/MDFB/14
100 ## - MAIN ENTRY--PERSONAL NAME
Personal name Committee on Mines And Energy
245 #0 - TITLE STATEMENT
Title Report of the Select Committee on Mines and Energy on the Minerals Development Fund Bill, 2014
260 ## - PUBLICATION, DISTRIBUTION, ETC.
Name of publisher, distributor, etc. Committee on Mines And Energy
Place of publication, distribution, etc. Accra
Date of publication, distribution, etc. 2014
300 ## - PHYSICAL DESCRIPTION
Extent 11p
650 ## - SUBJECT ADDED ENTRY--TOPICAL TERM
Topical term or geographic name entry element Report Of The Select Committee On Mines And Energy - Report of the Select Committee on Mines and Energy on the Minerals Development Fund Bill, 2014
942 ## - ADDED ENTRY ELEMENTS (KOHA)
Koha item type Bills From Committees
Holdings
Withdrawn status Lost status Damaged status Not for loan Home library Current library Shelving location Date acquired Total checkouts Full call number Date last seen Copy number Price effective from Koha item type
        Main Library Main Library Open Shelves 26/07/2022   BR/MDFB/14 1580 29/04/2024 1 29/04/2024 Bills From Committees
©2026  Parliament of Ghana Library - All rights reserved